Designing organizations <an> executive briefing on strategy, structure and process

Salvato in:
Dettagli Bibliografici
Autore principale: Galbraith, Jay R.
Natura: Libro
Lingua:inglese
Pubblicazione: San Francisco Jossey-Bass A Wiley Company 1995
Soggetti:
Tags: Aggiungi Tag
Nessun Tag, puoi essere il primo ad aggiungerne!!

MARC

LEADER 00000nam$a2200000$$$4500
001 0106109
005 20240311125512.8
020 |a 0-7879-0091-5 
041 0 |a eng 
044 |a US 
245 1 0 |a Designing organizations  |b <an> executive briefing on strategy, structure and process  |c Jay R. Galbraith 
264 1 |a San Francisco  |b Jossey-Bass A Wiley Company  |c 1995 
300 |a xx, 164 s. 
610 2 0 |a podnikanie 
610 2 0 |a stratégia podnikateľská 
610 2 0 |a stratégia podniková 
610 2 0 |a plánovanie strategické 
610 2 0 |a efektívnosť 
100 1 |a Galbraith, Jay R.